[Event "Challenge"]
[Site "http://www.queenalice.com/game.php?id=1841141"]
[Date "2024.7.30"]
[Round "-"]
[White "jogo"]
[Black "Tinelloski"]
[Result "1-0"]
[WhiteElo "1737"]
[BlackElo "2288"]

1. e4 c6 2. d4 d5 3. Nc3 dxe4 4. Nxe4 Bf5 5. Ng3 Bg6 6. h4 h6 7. Nf3 Nd7 8. h5
Bh7 9. Bd3 Bxd3 10. Qxd3 e6 11. Bd2 Qc7 12. O-O-O O-O-O 13. Ne4 Ngf6 14. g3 Nc5
15. Nxc5 Bxc5 16. c3 Bd6 17. Kb1 Rhe8 18. Rhe1 Nxh5 19. Rh1 Nf6 20. c4 Kb8 21.
Rhe1 c5 22. d5 exd5 23. Rxe8 Rxe8 24. Nh4 d4 25. Nf5 Bf8 26. Re1 Rxe1+ 27. Bxe1
Qe5 28. Bd2 Ne4 29. Bf4 1-0

[Event "Challenge"]
[Site "http://www.queenalice.com/game.php?id=1841142"]
[Date "2024.7.30"]
[Round "-"]
[White "Tinelloski"]
[Black "jogo"]
[Result "1-0"]
[WhiteElo "2265"]
[BlackElo "1905"]

1. d4 Nf6 2. Bf4 g6 3. e3 Nh5 4. Bg5 h6 5. Bh4 Nf6 6. Bd3 g5 7. Bg3 d5 8. Nf3
Bg4 9. h3 Bc8 10. Nbd2 Nh5 11. Be5 f6 12. Bg6+ Kd7 13. Bxh5 fxe5 14. Nxe5+ 1-0

[Event "AUTO-MASTER-3225"]
[Site "http://www.queenalice.com/game.php?id=1841219"]
[Date "2024.8.1"]
[Round "1"]
[White "Tinelloski"]
[Black "CCapivara"]
[Result "1-0"]
[WhiteElo "2266"]
[BlackElo "2281"]

1. d4 d6 2. Bf4 Nf6 3. e3 c6 4. Nf3 Bg4 5. Be2 Nbd7 6. Nbd2 Qc7 7. h3 Bh5 8. c4
e5 9. Bh2 Be7 10. c5 dxc5 11. dxe5 Bxf3 12. exf6 Bxe2 13. fxg7 Rg8 14. Qxe2 Bd6
15. Bxd6 Qxd6 16. O-O-O O-O-O 17. Qg4 Kb8 18. Nc4 Qe7 19. Qf4+ Ka8 20. Qc7 Rge8
21. Rd3 Nb6 22. Nxb6+ 1-0

[Event "AUTO-MASTER-3225"]
[Site "http://www.queenalice.com/game.php?id=1841232"]
[Date "2024.8.1"]
[Round "1"]
[White "Tinelloski"]
[Black "Kapablanca"]
[Result "1-0"]
[WhiteElo "2283"]
[BlackElo "2160"]

1. d4 d5 2. Bf4 e6 3. e3 Bd6 4. Nf3 Nf6 5. Bb5+ c6 6. Bd3 O-O 7. Ne5 Qc7 8. Nd2
Nbd7 9. Ndf3 Bxe5 10. Nxe5 Qb6 11. Rb1 c5 12. c3 cxd4 13. exd4 Re8 14. O-O Nf8
15. Qf3 Ng6 16. Bg5 Qd8 17. Bb5 Rf8 18. Ng4 Qb6 19. Nxf6+ gxf6 20. Qxf6 e5 21.
dxe5 Qxf6 22. Bxf6 Bf5 23. Rbc1 a6 24. Ba4 b5 25. Bb3 Be6 26. f4 1-0

[Event "AUTO-MASTER-3225"]
[Site "http://www.queenalice.com/game.php?id=1841233"]
[Date "2024.8.1"]
[Round "1"]
[White "Kapablanca"]
[Black "Tinelloski"]
[Result "0-1"]
[WhiteElo "2141"]
[BlackElo "2295"]

1. d4 Nf6 2. c4 g6 3. Nc3 Bg7 4. e4 d6 5. Nf3 O-O 6. Be2 e5 7. d5 a5 8. O-O Na6
9. a3 Nc5 10. Bg5 h6 11. Bxf6 Qxf6 12. Qc2 a4 13. Ne1 Qe7 14. Nd3 Nb3 15. Rad1
f5 16. Nc1 Nd4 17. Qb1 Qh4 18. Bd3 f4 19. f3 g5 20. N3e2 g4 21. Nxd4 exd4 22.
Qc2 Be5 23. fxg4 Bxg4 24. Rd2 f3 25. g3 Qg5 26. Rdf2 Bh3 27. Qd2 Bf4 0-1

[Event "AUTO-MASTER-3225"]
[Site "http://www.queenalice.com/game.php?id=1841234"]
[Date "2024.8.1"]
[Round "1"]
[White "Tinelloski"]
[Black "Jsc"]
[Result "1-0"]
[WhiteElo "2278"]
[BlackElo "2030"]

1. d4 d5 2. Bf4 c6 3. e3 h6 4. Be5 Nd7 5. Nf3 Nb6 6. Bd3 Bg4 7. Nbd2 e6 8. h3
Bxf3 9. Qxf3 Ne7 10. O-O Ng6 11. Bxg6 fxg6 12. Qg4 Qe7 13. Qxg6+ Qf7 14. Qg3 Rg8
15. f4 O-O-O 16. Rf2 Qh5 17. f5 exf5 18. Bb8 Rd7 19. Raf1 g6 20. Rxf5 1-0

[Event "AUTO-MASTER-3225"]
[Site "http://www.queenalice.com/game.php?id=1841235"]
[Date "2024.8.1"]
[Round "1"]
[White "Jsc"]
[Black "Tinelloski"]
[Result "0-1"]
[WhiteElo "2024"]
[BlackElo "2291"]

1. e4 c6 2. d4 d5 3. e5 Bf5 4. c4 e6 5. Nc3 Ne7 6. Bg5 h6 7. Bh4 Qb6 8. b3 Ng6
9. Bg3 Qa5 10. Qd2 Bb4 11. Nge2 c5 12. dxc5 Nc6 13. Rc1 O-O-O 14. Nd4 dxc4 15.
Nxc6 bxc6 16. Qe3 Bd3 17. Bxd3 Rxd3 18. Qe4 Bxc3+ 19. Ke2 Qxa2+ 20. Kf1 Qb2 21.
Qxc6+ Kb8 22. Qb5+ Kc7 0-1

[Event "Challenge"]
[Site "http://www.queenalice.com/game.php?id=1841514"]
[Date "2024.8.7"]
[Round "-"]
[White "jogo"]
[Black "Tinelloski"]
[Result "0-1"]
[WhiteElo "1691"]
[BlackElo "2258"]

1. e4 c6 2. d4 d5 3. Nc3 dxe4 4. Nxe4 Bf5 5. Ng3 Bg6 6. h4 h6 7. h5 Bh7 8. Bd3
Bxd3 9. Qxd3 Nf6 10. Be3 Nbd7 11. O-O-O e6 12. Ne4 Qc7 13. Nxf6+ Nxf6 14. Ne2
O-O-O 15. Bf4 Qa5 16. Kb1 Rd5 17. f3 Rxh5 18. Rxh5 Qxh5 19. g4 Qd5 20. c4 Qd7
21. a3 Be7 22. g5 hxg5 23. Bxg5 Rd8 24. Kc2 Qc7 25. b4 c5 26. bxc5 Bxc5 27. Qc3
Be7 28. Bxf6 Bxf6 29. Kb3 e5 30. d5 Qb6+ 31. Kc2 g6 32. c5 Qa6 33. Ng3 e4 34.
fxe4 Bxc3 0-1

[Event "AUTO-ELITE-2548"]
[Site "http://www.queenalice.com/game.php?id=1841653"]
[Date "2024.8.9"]
[Round "1"]
[White "Tinelloski"]
[Black "Biagio"]
[Result "0-1"]
[WhiteElo "2256"]
[BlackElo "2249"]

1. d4 Nf6 2. Bf4 g6 3. e3 Bg7 4. Nf3 d6 5. h3 O-O 6. Bc4 c5 7. c3 Nc6 8. O-O Qb6
9. Bb3 Na5 10. Nbd2 Nxb3 11. axb3 Bd7 12. Re1 cxd4 13. exd4 Rfe8 14. Be3 Nd5 15.
Nc4 Qc7 16. Bg5 h6 17. Bh4 g5 18. Bg3 f5 19. Qd3 f4 20. Bh2 Qc8 21. Ncd2 Bf5 22.
Qc4 Qxc4 23. Nxc4 Bd7 24. Kf1 Bb5 25. Ra5 a6 26. Kg1 b6 27. Raa1 a5 28. Ncd2 Bc6
29. g4 Kf7 0-1

[Event "AUTO-ELITE-2548"]
[Site "http://www.queenalice.com/game.php?id=1841654"]
[Date "2024.8.9"]
[Round "1"]
[White "Biagio"]
[Black "Tinelloski"]
[Result "1-0"]
[WhiteElo "2392"]
[BlackElo "2297"]

1. Nf3 Nf6 2. g3 g6 3. Bg2 Bg7 4. O-O O-O 5. d4 d5 6. c4 e6 7. Nc3 dxc4 8. Qa4
c6 9. Qxc4 Nbd7 10. e4 Nb6 11. Qe2 Nh5 12. e5 Nd5 13. Ne4 Qc7 14. Bd2 1-0

[Event "AUTO-ELITE-2548"]
[Site "http://www.queenalice.com/game.php?id=1841655"]
[Date "2024.8.9"]
[Round "1"]
[White "Tinelloski"]
[Black "Donidon"]
[Result "1-0"]
[WhiteElo "2245"]
[BlackElo "2216"]

1. d4 Nf6 2. Bf4 d5 3. e3 e6 4. Nf3 Bd6 5. Nbd2 O-O 6. Bd3 c5 7. O-O Nc6 8. c3
c4 9. Bxd6 Qxd6 10. Bc2 e5 11. dxe5 Nxe5 12. Nxe5 Qxe5 13. h3 Bd7 14. Nf3 Qh5
15. Nd4 Qe5 16. Qf3 Ne4 17. Rad1 Nf6 18. Ne2 Bc6 19. Qf4 Rfe8 20. Qxe5 Rxe5 21.
Rd4 Ne4 22. Rfd1 g6 23. Nf4 Nf6 24. a4 a5 25. b3 b5 26. axb5 Bxb5 27. Nxd5 Nxd5
28. Rxd5 Rae8 29. R1d4 cxb3 30. Bxb3 Rxd5 31. Rxd5 Rb8 32. Ba2 a4 33. Rc5 Bd3
34. Rc7 Rb2 35. Bxf7+ Kf8 36. Bd5 Rb1+ 37. Kh2 a3 38. Ra7 Ra1 39. e4 h5 40. e5
g5 41. e6 Bb5 42. e7+ Ke8 43. Bf3 g4 44. hxg4 Bd7 45. gxh5 Re1 46. Rxa3 Rxe7 47.
c4 Re5 48. Re3 Rxe3 49. fxe3 Kf7 50. Kg3 Be6 51. Bd5 1-0

[Event "AUTO-ELITE-2548"]
[Site "http://www.queenalice.com/game.php?id=1841656"]
[Date "2024.8.9"]
[Round "1"]
[White "Donidon"]
[Black "Tinelloski"]
[Result "1-0"]
[WhiteElo "2196"]
[BlackElo "2259"]

1. e4 c6 2. d4 d5 3. Nc3 dxe4 4. Nxe4 Bf5 5. Bd3 Qxd4 6. Nf3 Qd8 7. Qe2 e6 8.
Bg5 Be7 9. Bd2 Bxe4 10. Bxe4 Nf6 11. O-O-O Nbd7 12. Bc3 Qb6 13. Kb1 O-O 14. Bd4
c5 15. Bc3 Nxe4 16. Qxe4 Nf6 17. Qe2 Nd5 18. Rxd5 exd5 19. Qxe7 Rfe8 20. Qg5 d4
21. Bd2 Re2 22. h4 Rxf2 23. Re1 Qg6 24. Qxg6 hxg6 25. Rg1 Re8 26. Be1 Rfe2 27.
Kc1 R8e3 28. Bd2 Re4 29. Kd1 c4 30. Ng5 Re8 31. Nf3 R2e4 32. Re1 f6 33. Nxd4 Kf7
34. Nb5 Rxe1+ 35. Bxe1 Re6 36. Nd4 Rd6 37. c3 b5 38. Bg3 Rd5 39. Kd2 b4 40. Bf4
1-0

[Event "AUTO-MASTER-3225"]
[Site "http://www.queenalice.com/game.php?id=1847756"]
[Date "2024.11.25"]
[Round "2"]
[White "MarcosT"]
[Black "Tinelloski"]
[Result "0-1"]
[WhiteElo "2043"]
[BlackElo "2244"]

1. e4 c6 2. d4 d5 3. e5 Bf5 4. Nc3 e6 5. g4 Bg6 6. h4 h5 7. Nge2 hxg4 8. Nf4 Bf5
9. Bd3 Rxh4 10. Rf1 Nh6 11. Bxf5 Nxf5 12. Bd2 Nxd4 0-1

[Event "AUTO-MASTER-3225"]
[Site "http://www.queenalice.com/game.php?id=1847757"]
[Date "2024.11.25"]
[Round "2"]
[White "Tinelloski"]
[Black "MarcosT"]
[Result "1-0"]
[WhiteElo "2292"]
[BlackElo "2117"]

1. d4 d5 2. Bf4 e6 3. e3 c6 4. Nf3 f5 5. Bd3 Nf6 6. c4 Bd6 7. O-O Bxf4 8. exf4
O-O 9. Re1 Ne4 10. Nc3 Nd7 11. Rc1 Ndf6 12. h3 Nh5 13. Ne2 Nhf6 14. c5 Qe8 15.
Ne5 Nd7 16. b4 Nxe5 17. fxe5 f4 18. Bxe4 dxe4 19. Nc3 f3 20. g3 Qh5 21. Kh2 Bd7
22. Nxe4 Be8 23. Nd6 Bg6 24. Re3 Bf5 25. Qxf3 Qxh3+ 26. Kg1 Bg4 27. Qg2 Qh5 28.
d5 cxd5 29. f4 Qg6 30. b5 a6 31. c6 d4 32. cxb7 Rab8 33. Ra3 axb5 34. Ra8 Rxa8
35. bxa8=Q 1-0

[Event "AUTO-MASTER-3225"]
[Site "http://www.queenalice.com/game.php?id=1847760"]
[Date "2024.11.25"]
[Round "2"]
[White "Rafale2000"]
[Black "Tinelloski"]
[Result "0-1"]
[WhiteElo "2151"]
[BlackElo "2250"]

1. e4 c6 2. d4 d5 3. Nc3 dxe4 4. Nxe4 Bf5 5. Ng3 Bg6 6. h4 h6 7. h5 Bh7 8. Nf3
Nd7 9. Bc4 e6 10. Bd2 Ngf6 11. Bf4 Nd5 12. Bd2 Bd6 13. c3 Qc7 14. Rh3 O-O 15.
Bd3 Bxd3 16. Bxh6 gxh6 17. Qxd3 Nf4 18. Qd2 Nxh3 19. gxh3 Bxg3 20. Qxh6 Bf4 21.
Ng5 Bxg5 22. Qxg5+ Kh7 23. Kd2 Qh2 24. Ke2 Rae8 25. Qe3 e5 26. d5 Qf4 0-1

[Event "AUTO-MASTER-3225"]
[Site "http://www.queenalice.com/game.php?id=1847761"]
[Date "2024.11.25"]
[Round "2"]
[White "Tinelloski"]
[Black "Rafale2000"]
[Result "1-0"]
[WhiteElo "2259"]
[BlackElo "2142"]

1. d4 Nf6 2. Bf4 e6 3. e3 d5 4. Nf3 Nbd7 5. Bb5 c6 6. Bd3 Be7 7. Nbd2 c5 8. c3
c4 9. Be2 Qb6 10. b3 cxb3 11. axb3 O-O 12. h3 Bd6 13. Bxd6 Qxd6 14. O-O b6 15.
b4 Ne4 16. Qb3 Ndf6 17. c4 Nxd2 18. Nxd2 dxc4 19. Nxc4 Qd5 20. Bf3 Ne4 21. Qd3
f5 22. Rfc1 Bb7 23. Ne5 Rfd8 24. Rc7 Rac8 25. Rf7 Qxe5 26. Rxb7 Qf6 27. Bxe4
fxe4 28. Qxe4 Rb8 29. Raxa7 Rxb7 30. Qxb7 Rf8 31. Ra2 Qd8 32. b5 Qb8 33. Ra7
Qxb7 34. Rxb7 1-0

[Event "AUTO-MASTER-3225"]
[Site "http://www.queenalice.com/game.php?id=1847762"]
[Date "2024.11.25"]
[Round "2"]
[White "arvo1938"]
[Black "Tinelloski"]
[Result "0-1"]
[WhiteElo "2289"]
[BlackElo "2267"]

1. d4 Nf6 2. c4 g6 3. Nc3 Bg7 4. e4 d6 5. Nf3 O-O 6. Be2 e5 7. d5 Nbd7 8. O-O a5
9. Bg5 h6 10. Be3 Ng4 11. Qc1 Nxe3 12. Qxe3 f5 13. Nd2 f4 14. Qf3 g5 15. h3 Nf6
16. a4 h5 17. Qd3 g4 18. hxg4 hxg4 19. c5 Nh5 20. g3 f3 21. Bd1 Rf6 22. Nxf3
gxf3 23. Bxf3 Nf4 24. gxf4 Rg6+ 25. Bg2 exf4 26. Rfc1 Qg5 27. Kf1 Qxg2+ 28. Ke1
Rh6 29. cxd6 Bxc3+ 30. bxc3 Bg4 31. Qf1 Rh1 32. Qxh1 Qxh1+ 33. Kd2 Qf3 34. Kc2
Qxe4+ 35. Kb2 Qxd5 36. dxc7 Rc8 37. Ra3 Rxc7 38. Rb3 Bf5 39. Ka3 Qd6+ 0-1

[Event "AUTO-MASTER-3225"]
[Site "http://www.queenalice.com/game.php?id=1847763"]
[Date "2024.11.25"]
[Round "2"]
[White "Tinelloski"]
[Black "arvo1938"]
[Result "1-0"]
[WhiteElo "2280"]
[BlackElo "2276"]

1. d4 d5 2. Bf4 Nf6 3. e3 e6 4. Nf3 c5 5. c3 Nc6 6. Bd3 c4 7. Bc2 Bd6 8. Nbd2
O-O 9. O-O Bxf4 10. exf4 b5 11. Ne5 Nxe5 12. fxe5 Nd7 13. f4 g6 14. Qg4 b4 15.
Nf3 Rb8 16. Ng5 f5 17. Qh3 Qe7 18. g4 bxc3 19. bxc3 Rb2 20. Rf2 Nb6 21. gxf5
exf5 22. Qg3 Bd7 23. a4 a5 24. h4 h6 25. Nf3 Kh8 26. Rg2 Be8 27. Qe1 Nc8 28. h5
g5 29. fxg5 Bxh5 30. Qg3 f4 31. Qh3 Qf7 32. g6 Rxc2 33. gxf7 Rxg2+ 34. Kxg2
Bxf3+ 35. Kxf3 Rxf7 36. Qxc8+ Kg7 37. Rg1+ 1-0

[Event "AUTO-MASTER-3215"]
[Site "http://www.queenalice.com/game.php?id=1849796"]
[Date "2025.1.4"]
[Round "2"]
[White "Tinelloski"]
[Black "RaulSoft2"]
[Result "0-1"]
[WhiteElo "2317"]
[BlackElo "2596"]

1. d4 d5 2. Bf4 c5 3. e3 cxd4 4. exd4 Nc6 5. c3 Bf5 6. Nf3 e6 7. Bd3 Bxd3 8.
Qxd3 Nf6 9. Nbd2 Bd6 10. Bxd6 Qxd6 11. O-O O-O 12. Rfe1 Qc7 13. Ne5 Nxe5 14.
Rxe5 Qb6 15. Rb1 Qc6 16. Re3 b5 17. Rh3 a5 18. g4 h6 19. Qg3 Nh7 20. f4 f6 21.
Nf3 b4 22. Rc1 bxc3 23. bxc3 Qa4 24. Qg2 Qa3 25. Rc2 Rab8 0-1

[Event "AUTO-MASTER-3215"]
[Site "http://www.queenalice.com/game.php?id=1849797"]
[Date "2025.1.4"]
[Round "2"]
[White "RaulSoft2"]
[Black "Tinelloski"]
[Result "1-0"]
[WhiteElo "2598"]
[BlackElo "2313"]

1. d4 Nf6 2. c4 g6 3. Nc3 Bg7 4. e4 d6 5. h3 O-O 6. Qb3 Nc6 7. d5 Nd4 8. Qd1 c5
9. Bd3 e5 10. a4 Nh5 11. Nge2 f5 12. exf5 Bxf5 13. Bxf5 gxf5 14. Nxd4 cxd4 15.
Qxh5 dxc3 16. b3 Qb6 17. Qd1 f4 18. O-O Rae8 19. Ra2 e4 20. Re2 Qd8 21. Rfe1 e3
22. fxe3 f3 23. Rc2 Qh4 24. gxf3 Qg3+ 25. Rg2 1-0

[Event "AUTO-MASTER-3215"]
[Site "http://www.queenalice.com/game.php?id=1849798"]
[Date "2025.1.4"]
[Round "2"]
[White "Tinelloski"]
[Black "CCapivara"]
[Result "1-0"]
[WhiteElo "2299"]
[BlackElo "2209"]

1. d4 d6 2. Bf4 Nf6 3. e3 c6 4. Nf3 Bg4 5. Nbd2 Nbd7 6. Be2 Qb6 7. O-O Bh5 8. a4
Bxf3 9. Bxf3 e5 10. a5 Qc7 11. Bg3 Be7 12. c4 O-O 13. b4 a6 14. c5 d5 15. Re1
Rfe8 16. e4 dxe4 17. dxe5 Nxe5 18. Bxe4 Nxe4 19. Rxe4 Bf6 20. Nc4 Rad8 21. Qe2
Rd5 22. f4 Nf3+ 23. gxf3 Rxe4 24. fxe4 Bxa1 25. exd5 g6 26. Qe8+ Kg7 27. d6 1-0

[Event "AUTO-MASTER-3215"]
[Site "http://www.queenalice.com/game.php?id=1849799"]
[Date "2025.1.4"]
[Round "2"]
[White "CCapivara"]
[Black "Tinelloski"]
[Result "0-1"]
[WhiteElo "2203"]
[BlackElo "2308"]

1. e4 c6 2. d4 d5 3. exd5 cxd5 4. Nf3 Bg4 5. Bd3 Nc6 6. c3 Nf6 7. O-O Qc7 8. Bg5
e6 9. Nbd2 Bd6 10. Qa4 O-O 11. Rae1 Nd7 12. Bh4 Rfe8 13. Bg3 Bxg3 14. hxg3 a6
15. Ne5 Ncxe5 16. dxe5 Nxe5 17. Rxe5 Qxe5 18. Qxg4 Qf6 19. Nf3 e5 20. Bc2 Rad8
21. Re1 g6 22. Qb4 b5 23. a4 Qd6 24. Qxd6 Rxd6 25. Rxe5 Rxe5 26. Nxe5 d4 27.
cxd4 Rxd4 28. axb5 axb5 29. Bb3 Kg7 30. Bxf7 Rd1+ 31. Kh2 Rd2 32. b3 Rxf2 33.
Be8 Re2 34. Bxb5 Rxe5 35. Bc4 Kf6 36. Bg8 h6 37. Bc4 Re1 38. Bd5 Ke5 39. Bc4 Kd4
40. Kh3 Ke3 41. Kg4 Kf2 42. Bf7 Re5 43. Kh3 Rh5+ 44. Kg4 Kxg2 45. Be8 Rg5+ 46.
Kf4 Rxg3 47. b4 g5+ 48. Kf5 Rf3+ 49. Kg6 g4 50. Bc6 Kf2 51. b5 g3 0-1